| 000 | 00481nam a22001457a 4500 | ||
|---|---|---|---|
| 005 | 20240319101411.0 | ||
| 008 | 240319b ||||| |||| 00| 0 eng d | ||
| 040 | _cAL | ||
| 041 | _aeng | ||
| 082 |
_223 _a331 _bIMPA |
||
| 245 |
_aImpact of Organisational Climate Towards Morale and Performance of The Employees: _bA Case of Cochin Refineries Ltd Ambalamugal Kerala |
||
| 260 |
_aMangalore _bSt Aloysius College _c1997 |
||
| 700 |
_aMATHEW (Sachin Alex) _9155223 |
||
| 942 |
_2ddc _cPRO |
||
| 999 |
_c230496 _d230496 |
||